Normal view MARC view

Entry Topical Term

Number of records used in: 1

001 - CONTROL NUMBER

  • control field: 55658

003 - CONTROL NUMBER IDENTIFIER

  • control field: dpl

005 - DATE AND TIME OF LATEST TRANSACTION

  • control field: 20230831113452.0

008 - FIXED-LENGTH DATA ELEMENTS

  • fixed length control field: 230831|| aca||aabn | a|a d

040 ## - CATALOGING SOURCE

  • Original cataloging agency: dpl
  • Transcribing agency: dpl

150 ## - HEADING--TOPICAL TERM

  • Form subdivision:

670 ## - SOURCE DATA FOUND

  • Source citation: Work cat.: (dpl)197702: शिवदत्त 55656, समन्दर पियासा है ;साहित्यिक यारानगी का भाव -चित्र /, 2021

© Delhi Public Library
Hit Counter
free hit counter